Menciona un país por las primeras tres letras en 1 Minuto - Estadísticas

Estadísticas generales
  • Esta prueba ha sido intentada 440 veces
  • La puntuación promedio es 20 de 26
Estadísticas de respuestas
Comienza con País % Correcto
Sud Sudáfrica | Sudán | Sudán del Sur
100%
Nig Níger | Nigeria
99%
Tai Tailandia | Taiwán
99%
Chi Chile | China | Chipre
98%
Ind India | Indonesia
98%
Esl Eslovenia | Eslovaquia
97%
Gui Guinea | Guinea Ecuatorial | Guinea-Bissau
97%
Isl Islandia | Islas Marshall | Islas Salomón
94%
Mal Malasia | Malaui | Maldivas | Mali | Malta
94%
Aus Austria | Australia
93%
Mau Mauricio | Mauritania
92%
Rep República Centroafricana | República Checa | etc...
89%
Kir Kirguistán | Kiribati
88%
Arg Argelia | Argentina
84%
Cam Camboya | Camerún
80%
San San Cristóbal y Nieves | San Marino | etc...
80%
Est Estados Federados de Micronesia | Estados Unidos | Estonia
69%
Cos Costa de Marfil | Costa Rica
68%
Bar Barbados | Baréin
66%
Lib Líbano | Liberia | Libia
59%
Tur Turkmenistán | Turquía
55%
Ira Irak | Irán
53%
Cor Corea del Norte | Corea del Sur
42%
Bur Burkina Faso | Burundi
41%
Pal Palaos | Palestina
38%
Mon Mónaco | Mongolia | Montenegro
37%
No se encontraron pruebas coincidentes
Distribución de puntuación
Porcentaje de gente con cada puntuación
Porcentaje por número respondido
Historial de tus puntuaciones
No has intentado esta prueba.